Score 0/25 Timer 10:00
0 Plays Today
Rank Aircraft % Correct
7.Boeing 747
62.8%
1.An-225
46.5%
4.C-5
41.2%
8.Boeing 777
35%
16.C-17
29.1%
12.Boeing 767
28.3%
15.B-52
25.8%
23.Boeing 757
25.8%
19.C-141
10.8%
10.B-36
6.2%
18.Tu-95
5.9%
21.Il-76
5.5%
6.Airbus A340-600
4.4%
Rank Aircraft % Correct
13.Tu-160
4.3%
3.Airbus A380F
3.4%
14.KC-10
3.2%
9.Airbus A330-300
2.5%
24.XB-70
2.1%
2.HK-1
1.8%
17.C-133
1.2%
22.C-124
1.2%
5.Boeing 777-300ER
0.8%
25.377SG
0.5%
20.Airbus A300F
0.4%
11.Lun Ekranoplan
0.3%
Remove Ads.
Support Sporcle.
Get the best of Sporcle when you Go Orange. This ad-free experience offers more features, more stats, and more fun while also helping to support Sporcle. Thank you for becoming a member.

You're not logged in!

Compare scores with friends on all Sporcle quizzes.
OR
Log In

Show Comments

Extras

Top Quizzes Today


Score Distribution

Your Account Isn't Verified!

In order to create a playlist on Sporcle, you need to verify the email address you used during registration. Go to your Sporcle Settings to finish the process.

Report this User

Report this user for behavior that violates our Community Guidelines.

Details: